• 首页
  • 本馆介绍
  • 公告通知
  • 最新文献
  • 馆藏检索
  • 电子资源
  • 读者导购
  • 参考咨询
  • 我的图书馆
  • 登录
  • 详细信息显示
  • 放入我的书架
  • 预约/预借图书
  • 作者相关作品
  • 分类相关作品
  • 丛书相关作品
  • 出版社相关作品

书目信息

  • 表格格式
  • 工作单格式
  • 卡片格式
书名: A Course in Modern Western Armenian
作者:
分册号:
分册名:
出版地: NEW YORK :
 
出版社: Armenian National Education Commtittee
出版时间: 1989.
页数: 851 p. ;
开本: 22cm.
丛书名:
中图分类号:
科图分类号:
其他分类号: H793
主题词:
电子资源:
000 00402nam 2200145 a 4500
001 E0733060227
005 20070315091536.23
008 070315s1989 00010 eng
020    @a0-9617933-5-X :@cUSD.
040    @aPFT@beng
090    @aH793
099    @dH793@ex2
245    @aA Course in Modern Western Armenian.
260    @aNEW YORK :@bArmenian National Education Commtittee,@c1989.
300    @a851 p. ;@c22cm.
    
    A Course in Modern Western Armenian.-NEW YORK : : Armenian National Education Commtittee, , 1989.
    851 p. ; ; 22cm.
    
    
    ISBN 0-9617933-5-X :USD.
    
●
相关链接 在E读中查询图书 在五车中查询图书 在当当中查询图书 在豆瓣中查询图书


正题名:A Course in Modern Western Armenian     索取号:H793/x2         预约/预借

序号 登录号 条形码 馆藏地/架位号 状态 备注
1 0001875   300018754   第二样本阅览室/ [索取号:H793/x2] 在馆    
唐山师范学院图书馆 欢迎您!
大连网信软件有限公司© 版权所有